Hài kịch Mô-li-e-rơ

Enregistré dans:
Détails bibliographiques
Auteur principal: Molière
Format: Livre
Langue:Undetermined
Publié: Hà Nội Văn Hóa 1979
Sujets:
Tags: Ajouter un tag
Pas de tags, Soyez le premier à ajouter un tag!
Thư viện lưu trữ: Trung tâm Học liệu Trường Đại học Cần Thơ
LEADER 00434nam a2200169Ia 4500
001 CTU_32806
008 210402s9999 xx 000 0 und d
082 |a 842.4 
082 |b M721h/T1 
100 |a Molière 
245 0 |a Hài kịch Mô-li-e-rơ 
245 0 |c Molière 
260 |a Hà Nội 
260 |b Văn Hóa 
260 |c 1979 
650 |a french drama 
980 |a Trung tâm Học liệu Trường Đại học Cần Thơ